00488nam a2200157Ia 4500100001900000650000800019942000700027366000900034654000800043245004300051260001500094082002200109546001200131999001700143952017000160 aWeeks/Michael  aDSP cBK f17.5 aDSP aDigital signal processing using Matlab b#N/Ac2007 a621.3822/WEEbWEE aENGLISH c20980d20980 001040708CRCaCRCEbCRCEd2023-03-17eEducational books and periodicalsg288.75i263 dt 05/05/2009l0o621.3822/WEE WEEp19506r2023-03-17v350.00w0000-00-00yBK